| 000 | 01128nam a2200253 i 4500 | ||
|---|---|---|---|
| 001 | bg | ||
| 245 | 0 | 0 |
_aInformator dla kandydatów na I rok studiów Wydziału Budownictwa i Inżynierii Środowiska w roku akademickim 2006/2007 / _cPolitechnika Koszalińska. |
| 260 |
_aKoszalin : _bWydawnictwo Uczelniane PK, _c2006. |
||
| 300 |
_a47, [1] s. ; _c21 cm. |
||
| 500 | _aTyt. okł.: "Informator dla kandydatów na I rok studiów". | ||
| 650 | 9 |
_aBudownictwo _xszkolnictwo wyższe _zPolska |
|
| 650 | 9 |
_aInżynieria środowiska _xszkolnictwo wyższe _zPolska |
|
| 651 | 9 |
_aKoszalin (woj. zachodniopomorskie) _xPolitechnika Koszalińska _xWydział Budownictwa i Inżynierii Środowiska |
|
| 655 | _aInformatory | ||
| 710 | 0 |
_aPolitechnika Koszalińska _bWydział Budownictwa i Inżynierii Środowiska |
|
| 020 | _a8373651047 | ||
| 040 | _cBPK | ||
| 041 | 0 | _apol | |
| 080 | _a378.662.096:624+628.1/.8](438)"20" | ||
| 920 | _a83-7365-104-7 | ||
| 942 | _cKS | ||
| 008 | s pl f |000 0 pol | ||
| 999 |
_c52059 _d52059 |
||
| 856 |
_uhttp://koha.tu.koszalin.pl/cgi-bin/koha/opac-detail.pl?biblionumber=52059 _yKatalog online BPK |
||